[Event "Baltic Sea Cup"]
[Site "Ronne"]
[Date "2007.07.31"]
[Round "2.56"]
[White "Holm, Kristian Stuvik"]
[Black "Nilsen, Joachim Birger"]
[Result "0-1"]
[WhiteElo "1000"]
[BlackElo "1958"]
[PlyCount "66"]
[EventDate "2007.??.??"]
[EventType "swiss"]
[EventRounds "9"]
[EventCountry "DEN"]
[SourceDate "2005.12.01"]
[WhiteTeam "Denmark"]
[BlackTeam "Denmark"]
[WhiteTeamCountry "DEN"]
[BlackTeamCountry "DEN"]

1. d4 Nf6 2. c4 Nc6 3. d5 Ne5 4. e3 e6 5. Nc3 Bb4 6. f3 O-O 7. e4 d6 8. Bd3 Bc5
9. Nge2 a6 10. Bf4 Ng6 11. Qd2 Nxf4 12. Nxf4 e5 13. Nfe2 Nh5 14. O-O-O Qf6 15.
a3 Nf4 16. Nxf4 exf4 17. Kb1 Bd7 18. Ne2 Be3 19. Qc2 g6 20. h4 h5 21. Nc3 Rab8
22. Qe2 Bd4 23. Rdf1 b6 24. Nd1 Rb7 25. Nf2 Rfb8 26. b4 Qe7 27. Rh2 Bf6 28. Rg1
Qe5 29. Qa2 b5 30. Be2 Qd4 31. Nd1 bxc4 32. Bxc4 a5 33. g4 axb4 0-1

[Event "Baltic Sea Cup"]
[Site "Ronne"]
[Date "2007.07.31"]
[Round "2.57"]
[White "Ascenso, Luis Manuel Pereira"]
[Black "Ronne Larsen, Dennis"]
[Result "1-0"]
[WhiteElo "1950"]
[BlackElo "1000"]
[PlyCount "79"]
[EventDate "2007.??.??"]
[EventType "swiss"]
[EventRounds "9"]
[EventCountry "DEN"]
[SourceDate "2005.12.01"]
[WhiteTeam "Denmark"]
[BlackTeam "Denmark"]
[WhiteTeamCountry "DEN"]
[BlackTeamCountry "DEN"]

1. d4 d5 2. c4 dxc4 3. e3 Nh6 4. Bxc4 e6 5. Nf3 Bb4+ 6. Nc3 O-O 7. Bd2 b6 8.
Rc1 Ba6 9. Bxa6 Nxa6 10. Qa4 Qc8 11. O-O Nf5 12. Ne5 Qb7 13. e4 Nxd4 14. Rfe1
c6 15. a3 b5 16. Qd1 Bd6 17. Bf4 Qc7 18. Qxd4 f6 19. Nxc6 Bxf4 20. Nxb5 Qb6 21.
Qxb6 axb6 22. Rc2 Rf7 23. Rd1 Rc8 24. Ne7+ Rxe7 25. Rxc8+ Kf7 26. Rc6 Be5 27.
Rxb6 Nc7 28. Nd6+ Bxd6 29. Rbxd6 Nb5 30. Rd7 Rxd7 31. Rxd7+ Kg6 32. a4 f5 33.
axb5 fxe4 34. b6 Kf6 35. b7 e5 36. b8=Q Kf5 37. Qf8+ Kg5 38. Rxg7+ Kh5 39. Qf5+
Kh4 40. g3# 1-0

[Event "Baltic Sea Cup"]
[Site "Ronne"]
[Date "2007.07.31"]
[Round "2.58"]
[White "Holt, Michael"]
[Black "Zachariassen, John"]
[Result "0-1"]
[WhiteElo "1000"]
[BlackElo "1939"]
[PlyCount "36"]
[EventDate "2007.??.??"]
[EventType "swiss"]
[EventRounds "9"]
[EventCountry "DEN"]
[SourceDate "2005.12.01"]
[WhiteTeam "Denmark"]
[BlackTeam "Denmark"]
[WhiteTeamCountry "DEN"]
[BlackTeamCountry "DEN"]

1. b3 d5 2. Bb2 Bg4 3. h3 Bh5 4. g4 Bg6 5. Bg2 c5 6. d3 Nc6 7. f3 e5 8. e3 Qh4+
9. Kd2 c4 10. Rh2 Qg3 11. Ne2 Qxh2 12. Qf1 O-O-O 13. d4 b5 14. f4 Be4 15. Bxe4
dxe4 16. Na3 exd4 17. Nxb5 d3 18. Re1 dxe2+ 0-1

[Event "Baltic Sea Cup"]
[Site "Ronne"]
[Date "2007.07.31"]
[Round "2.45"]
[White "Kallenbach, Uffe"]
[Black "Schmitz, Manuela"]
[Result "0-1"]
[WhiteElo "1596"]
[BlackElo "2031"]
[PlyCount "42"]
[EventDate "2007.??.??"]
[EventType "swiss"]
[EventRounds "9"]
[EventCountry "DEN"]
[SourceDate "2005.12.01"]
[WhiteTeam "Denmark"]
[BlackTeam "Denmark"]
[WhiteTeamCountry "DEN"]
[BlackTeamCountry "DEN"]

1. d4 d5 2. Nf3 Nf6 3. c4 dxc4 4. e3 Bg4 5. Bxc4 e6 6. O-O a6 7. Nbd2 c5 8. h3
Bh5 9. Be2 Nbd7 10. b3 Be7 11. Bb2 O-O 12. Ne5 Bxe2 13. Qxe2 cxd4 14. exd4 Nxe5
15. dxe5 Nd5 16. Ne4 Rc8 17. Rac1 Qa5 18. a4 Qb4 19. Qf3 Rfd8 20. Rfd1 Kf8 21.
Rd4 Rxc1+ 0-1

[Event "Baltic Sea Cup"]
[Site "Ronne"]
[Date "2007.08.01"]
[Round "3.1"]
[White "Jayaram, Ashwin"]
[Black "Khenkin, Igor"]
[Result "1-0"]
[WhiteElo "2399"]
[BlackElo "2602"]
[PlyCount "77"]
[EventDate "2007.??.??"]
[EventType "swiss"]
[EventRounds "9"]
[EventCountry "DEN"]
[SourceDate "2005.12.01"]
[WhiteTeam "Denmark"]
[BlackTeam "Denmark"]
[WhiteTeamCountry "DEN"]
[BlackTeamCountry "DEN"]

1. e4 c6 2. d4 d5 3. e5 c5 4. dxc5 Nc6 5. Bb5 e6 6. Bxc6+ bxc6 7. b4 Qh4 8. g4
h5 9. Nf3 Qxg4 10. a3 Ne7 11. Nbd2 Ba6 12. Rg1 Qf4 13. Nb3 Qe4+ 14. Be3 Nf5 15.
Kd2 g6 16. Nbd4 Nxd4 17. Bxd4 Bh6+ 18. Be3 Bf4 19. Bxf4 Qxf4+ 20. Kc3 d4+ 21.
Nxd4 Rd8 22. Re1 h4 23. f3 Qxh2 24. Re4 h3 25. Qe1 Rd5 26. Rd1 Rh5 27. Rd2
Qxd2+ 28. Qxd2 h2 29. Re1 h1=Q 30. Rxh1 Rxh1 31. Qg2 Re1 32. Nxc6 Re3+ 33. Kb2
Bb5 34. Qg5 Re1 35. Qg2 Re3 36. Nxa7 Re2 37. Qh3 Ba4 38. Qh8+ Kd7 39. Kc3 1-0

[Event "Baltic Sea Cup"]
[Site "Ronne"]
[Date "2007.08.01"]
[Round "3.2"]
[White "Malakhatko, Vadim"]
[Black "Zozulia, Anna"]
[Result "1-0"]
[WhiteElo "2596"]
[BlackElo "2332"]
[PlyCount "53"]
[EventDate "2007.??.??"]
[EventType "swiss"]
[EventRounds "9"]
[EventCountry "DEN"]
[SourceDate "2005.12.01"]
[WhiteTeam "Denmark"]
[BlackTeam "Denmark"]
[WhiteTeamCountry "DEN"]
[BlackTeamCountry "DEN"]

1. Nf3 c5 2. c4 Nc6 3. Nc3 g6 4. e3 Bg7 5. d4 cxd4 6. exd4 d6 7. h3 Bf5 8. Be3
Nf6 9. d5 Nb8 10. Nd4 Bd7 11. Be2 O-O 12. O-O Na6 13. Bf3 Rc8 14. b3 Nc5 15. b4
Na6 16. Qb3 Ne8 17. Rac1 Nec7 18. a4 Na8 19. Ncb5 Bxd4 20. Bxd4 Nb6 21. Rfe1
Re8 22. c5 dxc5 23. bxc5 Na8 24. c6 bxc6 25. dxc6 Bf5 26. Rcd1 Qa5 27. g4 1-0

[Event "Baltic Sea Cup"]
[Site "Ronne"]
[Date "2007.08.01"]
[Round "3.4"]
[White "Carstensen, Jacob"]
[Black "Savchenko, Boris"]
[Result "0-1"]
[WhiteElo "2304"]
[BlackElo "2577"]
[PlyCount "64"]
[EventDate "2007.??.??"]
[EventType "swiss"]
[EventRounds "9"]
[EventCountry "DEN"]
[SourceDate "2005.12.01"]
[WhiteTeam "Denmark"]
[BlackTeam "Denmark"]
[WhiteTeamCountry "DEN"]
[BlackTeamCountry "DEN"]

1. d4 d6 2. e4 Nf6 3. f3 g6 4. c4 Bg7 5. Nc3 O-O 6. Bg5 c5 7. d5 e6 8. Qd2 exd5
9. cxd5 a6 10. Nge2 b5 11. Ng3 Nbd7 12. Be2 c4 13. O-O Nc5 14. Nd1 a5 15. Nf2
Re8 16. Rae1 Qe7 17. h4 Qf8 18. Be3 a4 19. Bd4 Nfd7 20. Bxg7 Qxg7 21. h5 a3 22.
bxa3 Rxa3 23. Ng4 Ne5 24. h6 Qh8 25. Nf2 Bd7 26. f4 Rxg3 27. fxe5 Qxe5 28. Bf3
Rxf3 29. gxf3 Qg3+ 30. Kh1 Re5 31. Ng4 Bxg4 32. fxg4 Qxg4 0-1

[Event "Baltic Sea Cup"]
[Site "Ronne"]
[Date "2007.08.01"]
[Round "3.5"]
[White "Hillarp Persson, Tiger"]
[Black "Cabrera Trujillo, Jorge"]
[Result "1-0"]
[WhiteElo "2568"]
[BlackElo "2324"]
[PlyCount "69"]
[EventDate "2007.??.??"]
[EventType "swiss"]
[EventRounds "9"]
[EventCountry "DEN"]
[SourceDate "2005.12.01"]
[WhiteTeam "Denmark"]
[BlackTeam "Denmark"]
[WhiteTeamCountry "DEN"]
[BlackTeamCountry "DEN"]

1. e4 c5 2. Nf3 d6 3. d4 cxd4 4. Nxd4 Nf6 5. Nc3 a6 6. Be3 e5 7. Nde2 Nc6 8.
Ng3 Be6 9. Be2 d5 10. exd5 Nxd5 11. Nxd5 Qxd5 12. Qxd5 Bxd5 13. O-O Be7 14. Nf5
O-O 15. Rfd1 Be4 16. Nxe7+ Nxe7 17. Bc5 Rfe8 18. Rd7 Kf8 19. Rc7 b6 20. Ba3 Bf5
21. Rd1 Be6 22. h4 b5 23. Rd6 Rab8 24. c3 a5 25. Bc5 Kg8 26. Rxe6 fxe6 27. Bxe7
Rec8 28. Rxc8+ Rxc8 29. Bxb5 Rb8 30. a4 Kf7 31. Bd6 Rd8 32. Bxe5 Rd1+ 33. Kh2
Rd2 34. Kg3 Rxb2 35. Bc7 1-0

[Event "Baltic Sea Cup"]
[Site "Ronne"]
[Date "2007.08.01"]
[Round "3.6"]
[White "Bach, Matthias"]
[Black "Rozentalis, Eduardas"]
[Result "0-1"]
[WhiteElo "2301"]
[BlackElo "2551"]
[PlyCount "97"]
[EventDate "2007.??.??"]
[EventType "swiss"]
[EventRounds "9"]
[EventCountry "DEN"]
[SourceDate "2005.12.01"]
[WhiteTeam "Denmark"]
[BlackTeam "Denmark"]
[WhiteTeamCountry "DEN"]
[BlackTeamCountry "DEN"]

1. d4 Nf6 2. c4 e6 3. g3 d5 4. Bg2 dxc4 5. Nf3 Bd7 6. Qc2 Bc6 7. Qxc4 Bd5 8.
Qa4+ Nc6 9. O-O Qd7 10. Nc3 Bxf3 11. Bxf3 Nxd4 12. Qxd7+ Nxd7 13. Bxb7 Rb8 14.
Ba6 Bb4 15. a3 Bxc3 16. bxc3 Nb3 17. Rb1 Nxc1 18. Rfxc1 Ke7 19. f3 Nc5 20. Bc4
Rhd8 21. Kf2 Rb6 22. a4 a5 23. Rb5 Rxb5 24. Bxb5 Rd6 25. Ke3 c6 26. Bd3 Nxa4
27. c4 Nc5 28. Ra1 a4 29. Bc2 Rd8 30. Ra2 Ra8 31. Kd4 Kd6 32. e3 e5+ 33. Kc3 e4
34. f4 a3 35. g4 f6 36. Kd4 g5 37. f5 Nd3 38. Bxd3 exd3 39. Kxd3 Ke5 40. Kc3
Ke4 41. Kb4 Kd3 42. h4 h6 43. hxg5 hxg5 44. Kc5 Ra6 45. Kd6 Kxc4 46. Ke7 c5 47.
Rc2+ Kd3 48. Rxc5 a2 49. Rc1 0-1

[Event "Baltic Sea Cup"]
[Site "Ronne"]
[Date "2007.08.01"]
[Round "3.7"]
[White "Hagen, Andreas Skytte"]
[Black "Kasparov, Sergey"]
[Result "1/2-1/2"]
[WhiteElo "2256"]
[BlackElo "2500"]
[PlyCount "99"]
[EventDate "2007.??.??"]
[EventType "swiss"]
[EventRounds "9"]
[EventCountry "DEN"]
[SourceDate "2005.12.01"]
[WhiteTeam "Denmark"]
[BlackTeam "Denmark"]
[WhiteTeamCountry "DEN"]
[BlackTeamCountry "DEN"]

1. Nf3 Nf6 2. c4 c5 3. Nc3 e6 4. g3 b6 5. Bg2 Bb7 6. O-O d6 7. Re1 Be7 8. e4
Nbd7 9. d4 cxd4 10. Nxd4 Qc7 11. Be3 Rc8 12. Rc1 Qb8 13. b3 a6 14. f4 Qa8 15.
Bf2 O-O 16. g4 g6 17. g5 Nh5 18. Qg4 Rc7 19. Re3 Re8 20. Nde2 Qc8 21. Re1 Bf8
22. Qh4 Bg7 23. Bf3 b5 24. Bxh5 gxh5 25. Qxh5 bxc4 26. b4 Nf8 27. Rh3 f6 28.
Bd4 fxg5 29. fxg5 Rf7 30. Rf1 Rxf1+ 31. Kxf1 Re7 32. Bf6 Rf7 33. Rf3 Qd7 34.
Nd4 Bc8 35. Ke1 Ng6 36. a3 Qa7 37. Nce2 Qb7 38. Nc3 Ne5 39. Rg3 Nd3+ 40. Kd2
Nf4 41. Qg4 e5 42. Nf5 Bxf5 43. Qxf5 Bf8 44. g6 hxg6 45. Rxg6+ Nxg6 46. Qxg6+
Bg7 47. Bxg7 Rxg7 48. Qe8+ Kh7 49. Qh5+ Kg8 50. Qe8+ 1/2-1/2

[Event "Baltic Sea Cup"]
[Site "Ronne"]
[Date "2007.08.01"]
[Round "3.8"]
[White "Vera Gonzalez, Reynaldo"]
[Black "Palm, Nicolaj Lars"]
[Result "1-0"]
[WhiteElo "2479"]
[BlackElo "2308"]
[PlyCount "77"]
[EventDate "2007.??.??"]
[EventType "swiss"]
[EventRounds "9"]
[EventCountry "DEN"]
[SourceDate "2005.12.01"]
[WhiteTeam "Denmark"]
[BlackTeam "Denmark"]
[WhiteTeamCountry "DEN"]
[BlackTeamCountry "DEN"]

1. d4 d5 2. c4 e6 3. Nc3 c6 4. e4 dxe4 5. Nxe4 Bb4+ 6. Bd2 Qxd4 7. Bxb4 Qxe4+
8. Be2 Na6 9. Bd6 e5 10. Nf3 Be6 11. O-O Rd8 12. Re1 Ne7 13. Bd3 Qg4 14. h3 Qh5
15. Rxe5 Qh6 16. c5 Nc8 17. Nd4 Nxd6 18. cxd6 Qf6 19. Nxe6 fxe6 20. Qh5+ g6 21.
Qe2 Rxd6 22. Bxa6 bxa6 23. Re1 Ke7 24. Qxa6 Rhd8 25. Qxa7+ R8d7 26. Qe3 Kf7 27.
a4 Rd1 28. a5 R7d3 29. Qe2 Qd8 30. Rxd1 Rxd1+ 31. Kh2 Qd6 32. g3 Ra1 33. b4 Ra4
34. Rc5 Rxb4 35. Qf3+ Kg7 36. Rxc6 Qd4 37. Rc7+ Kh6 38. Qf8+ Kg5 39. f4+ 1-0

[Event "Baltic Sea Cup"]
[Site "Ronne"]
[Date "2007.08.01"]
[Round "3.9"]
[White "Petersen, Steen Brustrup"]
[Black "Kristiansen, Jens"]
[Result "0-1"]
[WhiteElo "2165"]
[BlackElo "2436"]
[PlyCount "88"]
[EventDate "2007.??.??"]
[EventType "swiss"]
[EventRounds "9"]
[EventCountry "DEN"]
[SourceDate "2005.12.01"]
[WhiteTeam "Denmark"]
[BlackTeam "Denmark"]
[WhiteTeamCountry "DEN"]
[BlackTeamCountry "DEN"]

1. e4 c5 2. Nc3 Nc6 3. Nf3 d6 4. d4 cxd4 5. Nxd4 Nf6 6. Bg5 e6 7. Qd2 a6 8.
O-O-O h6 9. Nxc6 bxc6 10. Bf4 d5 11. Qe3 Bb4 12. a3 Ba5 13. Be2 O-O 14. e5 Nd7
15. g4 f6 16. exf6 Qxf6 17. Bg3 e5 18. Na4 Bb7 19. Kb1 Qe7 20. c4 Rfe8 21. c5
Rab8 22. h4 d4 23. Qb3+ Kh8 24. Qc2 Nf6 25. g5 Nd5 26. Bh5 Rf8 27. Qe4 Nf4 28.
Bf3 Rbe8 29. Ka1 h5 30. Bxf4 Rxf4 31. Qg6 e4 32. Bxh5 Rd8 33. Rdf1 d3 34. Bd1
Qe8 35. h5 Bc8 36. Bb3 Bg4 37. Qxe8+ Rxe8 38. Rh4 e3 39. Rxg4 Rxg4 40. fxe3
Rxg5 41. Bc4 Rxe3 42. Rf8+ Kh7 43. Bg8+ Kh6 44. Bf7 Rg1+ 0-1

[Event "Baltic Sea Cup"]
[Site "Ronne"]
[Date "2007.08.01"]
[Round "3.10"]
[White "Glud, Jakob Vang"]
[Black "Hirneise, Tobias"]
[Result "1-0"]
[WhiteElo "2435"]
[BlackElo "2293"]
[PlyCount "89"]
[EventDate "2007.??.??"]
[EventType "swiss"]
[EventRounds "9"]
[EventCountry "DEN"]
[SourceDate "2005.12.01"]
[WhiteTeam "Denmark"]
[BlackTeam "Denmark"]
[WhiteTeamCountry "DEN"]
[BlackTeamCountry "DEN"]

1. d4 Nf6 2. Nc3 d5 3. Bg5 Nbd7 4. Qd3 h6 5. Bh4 c6 6. e4 dxe4 7. Nxe4 Nxe4 8.
Qxe4 Nf6 9. Bxf6 gxf6 10. Bd3 Qd5 11. Ne2 Qxe4 12. Bxe4 Bg4 13. f3 Bd7 14. f4
f5 15. Bf3 Bg7 16. O-O-O O-O-O 17. d5 c5 18. Ng3 Kc7 19. Nh5 Rhg8 20. Rhe1 Kd6
21. Nxg7 Rxg7 22. Rd2 Rb8 23. Re3 b6 24. Rde2 f6 25. Rd2 a5 26. c4 Rd8 27. Kc2
Bc8 28. Kc3 Bd7 29. b3 Rb8 30. Kb2 Bc8 31. Kc3 Bd7 32. a3 Bc8 33. b4 axb4+ 34.
axb4 Bd7 35. Ra2 Be8 36. Ra7 Bd7 37. Re1 Rh7 38. Rea1 Bc8 39. Bh5 Rb7 40. bxc5+
Kxc5 41. Rxb7 Bxb7 42. Ra7 Bxd5 43. cxd5 Kxd5 44. Bf3+ Kc5 45. Rc7+ 1-0

[Event "Baltic Sea Cup"]
[Site "Ronne"]
[Date "2007.08.01"]
[Round "3.11"]
[White "Bromann, Thorbjorn"]
[Black "Aabling Thomsen, Jakob"]
[Result "1/2-1/2"]
[WhiteElo "2413"]
[BlackElo "2242"]
[PlyCount "140"]
[EventDate "2007.??.??"]
[EventType "swiss"]
[EventRounds "9"]
[EventCountry "DEN"]
[SourceDate "2005.12.01"]
[WhiteTeam "Denmark"]
[BlackTeam "Denmark"]
[WhiteTeamCountry "DEN"]
[BlackTeamCountry "DEN"]

1. d4 Nf6 2. Nc3 c5 3. d5 g6 4. e4 d6 5. f4 Bg7 6. Bb5+ Nfd7 7. a4 O-O 8. Nf3
a6 9. Bc4 b5 10. axb5 Nb6 11. Be2 axb5 12. Rxa8 Nxa8 13. Nxb5 Ba6 14. Na3 Qb6
15. c3 Nd7 16. O-O c4+ 17. Kh1 Nc5 18. Bxc4 Bxc4 19. Nxc4 Qa6 20. Ncd2 Nb6 21.
Kg1 Ra8 22. Ne1 Qb5 23. f5 Bh6 24. fxg6 fxg6 25. Nc2 Bxd2 26. Qxd2 Nxe4 27. Qd4
Nf6 28. Bg5 Nbd7 29. c4 Qb3 30. Ne3 Ra2 31. Ng4 Qxb2 32. Qxb2 Rxb2 33. Nxf6+
exf6 34. Bxf6 Nxf6 35. Rxf6 Rc2 36. Rxd6 Rxc4 37. Kf2 Kf7 38. Rd7+ Kf6 39. Rxh7
Rd4 40. Rd7 Rd2+ 41. Kf3 Ke5 42. Rd8 Rd3+ 43. Kg4 Rd2 44. Kh3 Rd3+ 45. g3 Rd2
46. d6 Kf6 47. d7 Kg5 48. g4 Rd3+ 49. Kg2 Kxg4 50. h4 Rg3+ 51. Kf2 Rf3+ 52. Ke2
Rf7 53. h5 g5 54. Ke3 Rh7 55. h6 Kh3 56. Rg8 Rxd7 57. Rxg5 Rh7 58. Rg1 Kh4 59.
Kf4 Rf7+ 60. Ke5 Kh5 61. Rg7 Rf8 62. h7 Rh8 63. Kf6 Kh6 64. Ra7 Rf8+ 65. Ke7
Rh8 66. Ra1 Rb8 67. Rb1 Ra8 68. Ra1 Rb8 69. h8=Q+ Rxh8 70. Rh1+ Kg7 1/2-1/2

[Event "Baltic Sea Cup"]
[Site "Ronne"]
[Date "2007.08.01"]
[Round "3.12"]
[White "Lund, Esben"]
[Black "Moller, Morten Kock"]
[Result "1-0"]
[WhiteElo "2396"]
[BlackElo "2178"]
[PlyCount "117"]
[EventDate "2007.??.??"]
[EventType "swiss"]
[EventRounds "9"]
[EventCountry "DEN"]
[SourceDate "2005.12.01"]
[WhiteTeam "Denmark"]
[BlackTeam "Denmark"]
[WhiteTeamCountry "DEN"]
[BlackTeamCountry "DEN"]

1. d4 Nf6 2. c4 e6 3. Nc3 Bb4 4. e3 b6 5. Bd3 Bb7 6. Nf3 Ne4 7. O-O f5 8. Ne5
O-O 9. Nxe4 fxe4 10. Bc2 Qg5 11. f4 exf3 12. Nxf3 Qg4 13. c5 bxc5 14. a3 Rxf3
15. Rxf3 Bxf3 16. Qxf3 Qxf3 17. gxf3 Be1 18. dxc5 a5 19. e4 Bh4 20. Bf4 Be7 21.
Bxc7 Bxc5+ 22. Kg2 Nc6 23. Rd1 Nd4 24. Ba4 d6 25. e5 d5 26. Rc1 Be7 27. Bd6 Nf5
28. Rc6 Bd8 29. Bc5 Kf7 30. Bc2 g6 31. Bd3 Rb8 32. b4 axb4 33. axb4 Rb7 34. Ba6
Rc7 35. Rxc7+ Bxc7 36. f4 Bb8 37. b5 Ke8 38. Bc8 Ng7 39. b6 Kd8 40. b7 Ne8 41.
Bxe6 Nc7 42. Bg8 Kd7 43. Bd6 h6 44. Bxc7 Bxc7 45. Bxd5 g5 46. e6+ Ke7 47. f5
Kf6 48. Bf3 Bd6 49. h3 Bc7 50. Bh5 Bd6 51. Kf3 Be7 52. Kg4 Bd6 53. Be8 Bc7 54.
Bb5 Bd6 55. Kh5 Bc7 56. Kxh6 Bf4 57. Kh5 Bg3 58. e7 Kxe7 59. Kxg5 1-0

[Event "Baltic Sea Cup"]
[Site "Ronne"]
[Date "2007.08.01"]
[Round "3.13"]
[White "Rasmussen, Allan Stig"]
[Black "Christensen, Janus"]
[Result "1-0"]
[WhiteElo "2450"]
[BlackElo "2137"]
[PlyCount "47"]
[EventDate "2007.??.??"]
[EventType "swiss"]
[EventRounds "9"]
[EventCountry "DEN"]
[SourceDate "2005.12.01"]
[WhiteTeam "Denmark"]
[BlackTeam "Denmark"]
[WhiteTeamCountry "DEN"]
[BlackTeamCountry "DEN"]

1. e4 e5 2. Nf3 d6 3. d4 exd4 4. Nxd4 Nf6 5. Nc3 Nc6 6. Bb5 Bd7 7. O-O Nxd4 8.
Qxd4 Bxb5 9. Nxb5 c6 10. e5 cxb5 11. exf6 Qxf6 12. Qd5 Be7 13. Qxb5+ Kf8 14.
Qxb7 Re8 15. Qxa7 Qf5 16. Be3 Qxc2 17. Bd4 h5 18. Rac1 Qf5 19. Rfe1 Qg5 20. Rc7
Qd2 21. Bc3 Qg5 22. Rcxe7 Rxe7 23. Qb8+ Re8 24. Rxe8# 1-0

[Event "Baltic Sea Cup"]
[Site "Ronne"]
[Date "2007.08.01"]
[Round "3.14"]
[White "Matthiesen, Martin"]
[Black "Pedersen, Martin Rosenkilde"]
[Result "1/2-1/2"]
[WhiteElo "2363"]
[BlackElo "2163"]
[PlyCount "75"]
[EventDate "2007.??.??"]
[EventType "swiss"]
[EventRounds "9"]
[EventCountry "DEN"]
[SourceDate "2005.12.01"]
[WhiteTeam "Denmark"]
[BlackTeam "Denmark"]
[WhiteTeamCountry "DEN"]
[BlackTeamCountry "DEN"]

1. d4 Nf6 2. c4 e6 3. Nf3 b6 4. g3 Ba6 5. b3 Bb7 6. Bg2 Bb4+ 7. Bd2 a5 8. O-O
O-O 9. Qc2 d6 10. Nc3 Nbd7 11. Rfe1 Bxc3 12. Bxc3 Be4 13. Qb2 c6 14. Bh3 d5 15.
Nd2 Bg6 16. a4 Qb8 17. Bg2 Rc8 18. e4 b5 19. Qa2 bxc4 20. bxc4 dxe4 21. Nxe4
Bxe4 22. Bxe4 Nxe4 23. Rxe4 c5 24. d5 exd5 25. cxd5 Qd6 26. Rd1 Rd8 27. Qd2 Nf6
28. Re5 h6 29. Qf4 Qd7 30. d6 Re8 31. Rxc5 Ne4 32. Rc7 Qxc7 33. dxc7 Nxc3 34.
Rd2 Ne2+ 35. Rxe2 Rxe2 36. Qf5 Ree8 37. Qc5 Kh8 38. h4 1/2-1/2

[Event "Baltic Sea Cup"]
[Site "Ronne"]
[Date "2007.08.01"]
[Round "3.15"]
[White "Brinck Claussen, Bjorn"]
[Black "Hirneise, Jens"]
[Result "1-0"]
[WhiteElo "2324"]
[BlackElo "2090"]
[PlyCount "89"]
[EventDate "2007.??.??"]
[EventType "swiss"]
[EventRounds "9"]
[EventCountry "DEN"]
[SourceDate "2005.12.01"]
[WhiteTeam "Denmark"]
[BlackTeam "Denmark"]
[WhiteTeamCountry "DEN"]
[BlackTeamCountry "DEN"]

1. e4 c5 2. Nf3 Nc6 3. d4 cxd4 4. Nxd4 Nf6 5. Nc3 d6 6. Bg5 e6 7. Qd2 a6 8.
O-O-O Bd7 9. f4 h6 10. Bh4 g5 11. fxg5 Ng8 12. Nf3 hxg5 13. Bxg5 f6 14. Qf4 e5
15. Qg3 fxg5 16. Be2 Nf6 17. Nxg5 b5 18. Rdf1 Nd4 19. Bd1 Bh6 20. Kb1 Rg8 21.
h4 Be6 22. Qf2 Rf8 23. Nxe6 Nxe6 24. Qf5 Nf4 25. g3 Qd7 26. Qxd7+ Kxd7 27. gxf4
Bxf4 28. Bf3 Rh8 29. Ne2 Be3 30. Ng3 Rag8 31. Nf5 Bc5 32. h5 Ke6 33. h6 Rg6 34.
a3 Ng8 35. Bh5 Rf6 36. Bg4 Rg6 37. Ng7+ Ke7 38. Bc8 Nxh6 39. Nf5+ Kd8 40. Bxa6
b4 41. axb4 Bxb4 42. Bc4 Rf6 43. Rh5 Rh7 44. c3 Ba5 45. Bd5 1-0

[Event "Baltic Sea Cup"]
[Site "Ronne"]
[Date "2007.08.01"]
[Round "3.16"]
[White "Carlstedt, Jonathan"]
[Black "Lauridsen, Jesper Morch"]
[Result "1-0"]
[WhiteElo "2083"]
[BlackElo "2302"]
[PlyCount "75"]
[EventDate "2007.??.??"]
[EventType "swiss"]
[EventRounds "9"]
[EventCountry "DEN"]
[SourceDate "2005.12.01"]
[WhiteTeam "Denmark"]
[BlackTeam "Denmark"]
[WhiteTeamCountry "DEN"]
[BlackTeamCountry "DEN"]

1. c4 e6 2. Nf3 d5 3. g3 c5 4. Bg2 Nc6 5. b3 Nf6 6. O-O Be7 7. Bb2 O-O 8. d3 b6
9. e3 Bb7 10. Nc3 a6 11. Qe2 Qc7 12. Rfd1 Rad8 13. Rac1 d4 14. Nb1 dxe3 15.
fxe3 Ng4 16. d4 cxd4 17. exd4 e5 18. h3 e4 19. hxg4 exf3 20. Qxf3 Nxd4 21. Qxb7
Ne2+ 22. Kh1 Nxg3+ 23. Kh2 Nf1+ 24. Kg1 Bc5+ 25. Kxf1 Qh2 26. Rxd8 Rxd8 27. Ke2
Qg3 28. Qf3 Re8+ 29. Kd2 Qd6+ 30. Kc2 Qg6+ 31. Kd1 Be3 32. Nd2 Qd3 33. Qd5 Qg6
34. Qf5 Qh6 35. Bd5 Kh8 36. Bc3 f6 37. Kc2 Qh2 38. Rh1 1-0

[Event "Baltic Sea Cup"]
[Site "Ronne"]
[Date "2007.08.01"]
[Round "3.17"]
[White "Ochsner, Bjorn Moller"]
[Black "Salama, Omar"]
[Result "0-1"]
[WhiteElo "1841"]
[BlackElo "2173"]
[PlyCount "82"]
[EventDate "2007.??.??"]
[EventType "swiss"]
[EventRounds "9"]
[EventCountry "DEN"]
[SourceDate "2005.12.01"]
[WhiteTeam "Denmark"]
[BlackTeam "Denmark"]
[WhiteTeamCountry "DEN"]
[BlackTeamCountry "DEN"]

1. e4 c5 2. Nf3 Nc6 3. d4 cxd4 4. Nxd4 Nf6 5. Nc3 e5 6. Ndb5 d6 7. Bg5 a6 8.
Na3 b5 9. Bxf6 gxf6 10. Nd5 Bg7 11. Bd3 Ne7 12. Nxe7 Qxe7 13. O-O O-O 14. c4 f5
15. Qh5 Rb8 16. exf5 e4 17. Rae1 Bb7 18. Qg4 Rfe8 19. cxb5 d5 20. Re2 Qf6 21.
Bb1 Bc8 22. b3 Bxf5 23. Qg3 axb5 24. Rd1 Rbd8 25. Rde1 Qc6 26. Qg5 Bg6 27. Rc1
Qa6 28. Nc2 d4 29. Nb4 Qd6 30. Qd2 f5 31. Rc6 Qd7 32. Re1 Rc8 33. Rec1 Rxc6 34.
Nxc6 Bf6 35. a4 bxa4 36. bxa4 Rc8 37. Qc2 Kg7 38. Ba2 d3 39. Be6 Qxe6 40. Nd4
Rxc2 41. Nxe6+ Kf7 0-1

[Event "Baltic Sea Cup"]
[Site "Ronne"]
[Date "2007.08.01"]
[Round "3.18"]
[White "Hansen, Sune Berg"]
[Black "Grand, Hans Henrik"]
[Result "1-0"]
[WhiteElo "2574"]
[BlackElo "2076"]
[PlyCount "71"]
[EventDate "2007.??.??"]
[EventType "swiss"]
[EventRounds "9"]
[EventCountry "DEN"]
[SourceDate "2005.12.01"]
[WhiteTeam "Denmark"]
[BlackTeam "Denmark"]
[WhiteTeamCountry "DEN"]
[BlackTeamCountry "DEN"]

1. e4 g6 2. d4 Bg7 3. Nf3 d6 4. Bc4 a6 5. a4 c6 6. Qe2 e6 7. c3 Ne7 8. O-O O-O
9. Bf4 d5 10. Ba2 a5 11. Nbd2 b6 12. Rfe1 Ba6 13. Qe3 Re8 14. Rad1 Nd7 15. c4
dxc4 16. Nxc4 Bxc4 17. Bxc4 Qc8 18. Bd6 h6 19. h4 Qb7 20. Rd3 b5 21. Ba2 bxa4
22. h5 gxh5 23. Re2 Ng6 24. Rc2 Nf6 25. Qe2 Rad8 26. Bg3 Bf8 27. Ne5 Nxe5 28.
Bxe5 Ng4 29. Bg3 Bg7 30. e5 Qb6 31. Rcd2 f6 32. Bh4 Ra8 33. exf6 Bxf6 34. Bxf6
Nxf6 35. Qe5 Rf8 36. Rf3 1-0

[Event "Baltic Sea Cup"]
[Site "Ronne"]
[Date "2007.08.01"]
[Round "3.19"]
[White "Hector, Jonny"]
[Black "Maas, Thomas"]
[Result "1-0"]
[WhiteElo "2550"]
[BlackElo "2071"]
[PlyCount "47"]
[EventDate "2007.??.??"]
[EventType "swiss"]
[EventRounds "9"]
[EventCountry "DEN"]
[SourceDate "2005.12.01"]
[WhiteTeam "Denmark"]
[BlackTeam "Denmark"]
[WhiteTeamCountry "DEN"]
[BlackTeamCountry "DEN"]

1. e4 e6 2. d4 d5 3. Nc3 Nf6 4. Bg5 Be7 5. e5 Nfd7 6. h4 c5 7. Bxe7 Kxe7 8. f4
Nc6 9. Nf3 Qa5 10. Qd2 cxd4 11. Nxd4 Nxd4 12. Qxd4 Qc5 13. Qd2 a6 14. O-O-O b5
15. f5 Nxe5 16. Qg5+ f6 17. Qxg7+ Nf7 18. Nxd5+ exd5 19. Re1+ Kd8 20. Qxf6+ Kc7
21. Qxf7+ Bd7 22. Re7 Rad8 23. Bd3 Rhg8 24. Rxd7+ 1-0